000 00803nam a2200277 a 4500
001 000114267
003 CHAP
005 20220329144433.0
008 171201s mx |r| |||0|f|spa d
010 _a110728
011 _a111700
040 _cCHAP
082 0 4 _a891.7
_bG66m
100 1 _aGorki, Máximo
_950044
245 1 3 _aLa madre :
_bseguida de una conversación con Ana Zalomova heroina de esta novela /
_cpor Maximo Gorki.
260 _aMéxico :
_bNacional,
_c[s. a.].
300 _a507 p.
490 1 _aColección económica
_v837 (vol. ext.)
590 _aE6096MTM
_b05
_c20171201
_lUCH01
_h1436
650 1 4 _aLiteratura rusa.
_967145
650 1 4 _aNovela rusa.
_982027
830 0 _aColección económica
_v837 (vol. ext.)
_924833
901 _aBK
942 _cLIBRO
942 _n0
999 _c110728
_d110728